| 000 | 01109cam a2200289 a 4500 | ||
|---|---|---|---|
| 999 |
_c232611 _d232611 |
||
| 001 | 15826735 | ||
| 003 | NUST | ||
| 005 | 20170221132418.0 | ||
| 008 | 090721s2006 cc abcf 000 0 eng d | ||
| 010 | _a 2009446464 | ||
| 020 | _a7508507061 | ||
| 020 | _a9787508507064 | ||
| 035 | _a(OCoLC)ocm77083025 | ||
| 040 |
_aJPG _cJPG _dJPG _dDLC |
||
| 041 | 1 |
_aeng _hchi |
|
| 042 | _alccopycat | ||
| 050 | 0 | 0 |
_aDS328 _b.S53413 2006 |
| 082 | _a915.80443 | ||
| 130 | 0 |
_aSi chou zhi lu shang wai guo tan xian jia de zu ji. _lEnglish |
|
| 245 | 1 | 0 |
_aFootprints of foreign explorers on the Silk Road / _c[editor in chief Wu Dunfu] . |
| 260 |
_aBeijing : _bChina Intercontinental Press, _c2006. |
||
| 300 |
_a177 p., [1] folded leaf of plates : _bill. (some col.), col. maps, ports. ; _c30 cm. |
||
| 650 | 0 |
_aArt, Chinese _zChina, Northwest. |
|
| 651 | 0 |
_aSilk Road _xAntiquities. |
|
| 651 | 0 |
_aSilk Road _xDescription and travel. |
|
| 700 | 1 | _aWu, Dunfu. | |
| 906 |
_a7 _bcbc _ccopycat _d3 _encip _f20 _gy-gencatlg |
||
| 942 |
_2ddc _cBK |
||